000 00993cab a2200277 4500
001 WB3125-03
008 090401t1995 xxu||||| |||| 00| 0 eng d
035 _a(Sirsi) u15053
041 _aeng
245 _aFair construction contracts
260 _c1995
350 _a0
490 _aBuilding
_v260(7898) 30 June 1995, 11
490 _aConstruction News
_v(6421) 29 June 1995, 2(1)
520 _aThere is concern that proposals for standard forms of contract to meet standards, which bespoke contracts would not have to meet, will lead to clients abandoning standard forms and to more litigation.
650 _aBESPOKE CONTRACTS
650 _aBUILT ENVIRONMENT-BUILDING CONTRACT FORMS
650 _aCONSTRUCTION CLIENTS FORUM
650 _aCONSTRUCTION INDUSTRY BOARD
650 _aFAIR CONSTRUCTION CONTRACTS
650 _aLATHAM REFORMS
650 _aSTANDARD FORMS OF CONTRACT
690 _aBUILT ENVIRONMENT-BUILDING CONTRACT FORMS
942 _n0
948 _c04/03/1997
999 _c9831
_d9831